| 000 | 01348nac a22002771i 4500 | ||
|---|---|---|---|
| 003 | EG-ScBUE | ||
| 005 | 20231129144244.0 | ||
| 008 | 100824s2004 u f 000100Aara d | ||
| 017 | _a2004 / 15810 | ||
| 040 |
_aEG-ScBUE _bara _erda _cEG-ScBUE _dEG-ScBUE |
||
| 082 | 0 | 4 |
_a892.713409 _bص و ل _222 |
| 100 | 1 |
_aأبو بكر الصولي، محمد بن يحيى، _dت. 335 هـ، _eمؤلف. _917668 |
|
| 245 | 1 | 0 |
_aكتاب الأوراق : _bقسم أخبار الراضي بالله والمتقي لله، أو، تاريخ الدولة العباسية من سنة 322 إلي سنة 333 هجرية / _cأبي بكر محمد بن يحيى الصولي ؛ تحقيق ج. هيورث. دن ؛ قدم هذه الطبعة أ. د منير سلطان. |
| 264 | 1 |
_aالقاهرة : _bالهيئة العامة لقصور الثقافة، _c2004. |
|
| 300 |
_a314 صفحة ؛ _c24 سم. |
||
| 336 |
_2rdacontent _aنص _btxt |
||
| 337 |
_aبدون وسيط _2rdamedia _bn |
||
| 338 |
_aمجلد _bnc _2rdacarrier |
||
| 490 | 0 |
_aالذخائر ؛ _v123 |
|
| 500 | _aيشتمل على كشاف. | ||
| 650 | 7 |
_aالشعر العربي _xتاريخ _yالعصر العباسي. _2BUEsh |
|
| 655 | _vReading book | ||
| 700 | 1 |
_aدن، ج. هيورث، _eمحقق. _915425 |
|
| 700 | 1 |
_aسلطان، منير، _eمقدم. _915424 |
|
| 942 |
_cBB _2ddc |
||
| 999 |
_c6956 _d6956 |
||